Sports Quiz

Random Sports or NFL Quiz

NFL - 2017 Starters - NFC West Quiz Stats

 Plays Quiz not verified by Sporcle

Score 0/96 Timer 10:00
0 Plays Today
Team Player % Correct
Seattle SeahawksRussell Wilson
94.1%
Los Angeles RamsJared Goff
94.1%
Arizona CardinalsDavid Johnson
91.3%
Los Angeles RamsTrumaine Johnson
91.3%
San Francisco 49ersDontae Johnson
90.7%
Arizona CardinalsCarson Palmer
90.3%
Los Angeles RamsTodd Gurley
90.3%
Seattle SeahawksRichard Sherman
88.6%
Seattle SeahawksEarl Thomas
88.6%
Arizona CardinalsJaron Brown
87.9%
Seattle SeahawksDoug Baldwin
87.2%
Arizona CardinalsLarry Fitzgerald
86.9%
Arizona CardinalsJohn Brown
86.5%
Los Angeles RamsJamon Brown
85.8%
Los Angeles RamsMalcolm Brown
85.5%
San Francisco 49ersTrent Brown
85.5%
Seattle SeahawksJimmy Graham
84.8%
Seattle SeahawksKam Chancellor
81%
Seattle SeahawksBobby Wagner
79.9%
Seattle SeahawksMichael Bennett
78.2%
Arizona CardinalsPatrick Peterson
77.2%
San Francisco 49ersCarlos Hyde
75.8%
Seattle SeahawksThomas Rawls
75.1%
Seattle SeahawksTyler Lockett
74.7%
Seattle SeahawksPaul Richardson
73%
Seattle SeahawksSheldon Richardson
73%
Los Angeles RamsSammy Watkins
72.7%
San Francisco 49ersBrian Hoyer
72%
Seattle SeahawksEddie Lacy
71.6%
Arizona CardinalsTyrann Mathieu
66.8%
Seattle SeahawksCliff Avril
65.1%
San Francisco 49ersPierre Garcon
64%
Team Player % Correct
Arizona CardinalsChandler Jones
63.7%
Arizona CardinalsCorey Peters
61.6%
Seattle SeahawksKJ Wright
59.9%
Arizona CardinalsJermaine Gresham
59.9%
Los Angeles RamsRobert Woods
59.2%
Los Angeles RamsTavon Austin
57.1%
San Francisco 49ersNaVorro Bowman
56.1%
Seattle SeahawksJeremy Lane
53.6%
Arizona CardinalsTramon Williams
53.3%
San Francisco 49ersK'Waun Williams
53.3%
San Francisco 49ersMarquise Goodwin
51.9%
San Francisco 49ersJoe Staley
50.9%
San Francisco 49ersAldrick Robinson
49.8%
Los Angeles RamsRobert Quinn
49.5%
Seattle SeahawksJustin Britt
47.4%
Los Angeles RamsAlec Ogletree
44.6%
Arizona CardinalsMike Iupati
43.9%
Los Angeles RamsAndrew Whitworth
43.6%
San Francisco 49ersDeForrest Buckner
42.9%
San Francisco 49ersRashard Robinson
42.9%
Los Angeles RamsTyler Higbee
41.9%
San Francisco 49ersEric Reid
40.8%
San Francisco 49ersKyle Juszczyk
38.8%
San Francisco 49ersArik Armstead
37%
Los Angeles RamsMark Barron
36%
Seattle SeahawksGermain Ifedi
35.6%
San Francisco 49ersReuben Foster
34.6%
Arizona CardinalsJared Veldheer
33.9%
Los Angeles RamsMichael Brockers
33.9%
Seattle SeahawksShaquill Griffin
33.2%
Seattle SeahawksJarran Reed
32.9%
San Francisco 49ersGeorge Kittle
31.5%
Team Player % Correct
San Francisco 49ersJimmie Ward
30.4%
Los Angeles RamsRodger Saffold
29.4%
Seattle SeahawksLuke Joeckel
28.7%
Arizona CardinalsAntoine Bethea
28.4%
Arizona CardinalsJustin Bethel
26.6%
Arizona CardinalsKarlos Dansby
26.3%
Arizona CardinalsTroy Niklas
26%
Arizona CardinalsDeone Bucannon
26%
Los Angeles RamsLamarcus Joyner
24.9%
Arizona CardinalsMarkus Golden
23.5%
Los Angeles RamsRob Havenstein
22.1%
San Francisco 49ersDaniel Kilgore
21.1%
Los Angeles RamsJohn Sullivan
20.4%
Arizona CardinalsAQ Shipley
20.1%
Los Angeles RamsConnor Barwin
20.1%
Arizona CardinalsDJ Humphries
19.7%
Los Angeles RamsMo Alexander
19%
Arizona CardinalsFrostee Rucker
18.3%
Seattle SeahawksMark Glowinski
16.6%
Los Angeles RamsEthan Westbrooks
16.3%
San Francisco 49ersTank Carradine
15.9%
Los Angeles RamsNickell Robey-Coleman
14.9%
Seattle SeahawksTerence Garvin
14.5%
San Francisco 49ersEarl Mitchell
13.8%
Seattle SeahawksRees Odhiambo
13.1%
Los Angeles RamsKayvon Webster
12.5%
San Francisco 49ersBrandon Fusco
12.5%
San Francisco 49ersZane Beadles
11.8%
San Francisco 49ersEli Harold
10.7%
Arizona CardinalsEvan Boehm
7.3%
Arizona CardinalsJosh Mauro
6.6%
Los Angeles RamsTanzel Smart
5.5%

You're not logged in!

Compare scores with friends on all Sporcle quizzes.
OR
Log In

Sporcle TV

Today on Sporcle TV


Watch our educational content, quiz creation guides, and fun videos on Sporcle TV.

Show Comments

Extras

Top Quizzes Today


Score Distribution

Your Account Isn't Verified!

In order to create a playlist on Sporcle, you need to verify the email address you used during registration. Go to your Sporcle Settings to finish the process.

Report this User

Report this user for behavior that violates our Community Guidelines.

Details: